000 00413nam a2200133Ia 4500
008 151001s9999||||xx |||||||||||||| ||und||
100 _aदगडू पवार
245 _aग्रामविकासाची गुरुकिल्ली
250 _a1
260 _b"निखील प्रकाशन, कोल्हापूर"
260 _c२०१४
300 _a80
365 _b21
999 _c1001179
_d1001176